Sports Quiz

Random Sports or Clickable Quiz

Never Seen THAT Before: MLB Edition Quiz Stats

 Plays Quiz Updated Jan 29, 2019

Support Sporcle.
Go Orange.
Score 0/25 Timer 06:00
1 Play Today
% Correct
.400 Batting average
77.6%
60+ Home Runs in a season
76.6%
20 Strikeouts in a nine inning game
76%
Perfect Game
69.6%
40+ Game hitting streak
69.1%
4 Home Runs in one game
67.2%
180+ RBI in a season
60.5%
2 Grand Slams in one inning
52.3%
Perfect game lost in extra innings
51.4%
9 pitches, 9 strikes, 3 strikeouts- twice in a career
48.7%
Consecutive No Hitters
48.6%
2 triple plays in one game
43.7%
100+ Stolen bases in a season
40.9%
% Correct
Unassisted Triple Play
36.7%
Grand Slam on 1st pitch ever seen
34.2%
12 RBI in a game
30.3%
Play all 9 positions in one game
30.3%
2 Complete games in one day
30.2%
3 Hits in one inning
26.5%
Stealing 2nd, 3rd and home in same inning
25%
Home runs from both sides of the plate in the same inning
24%
Hit for natural cycle
21.7%
3 errors on one play
18.3%
9 Hits in one game
18.3%
Intentional walk with the bases loaded
15.2%

You're not logged in!

Compare scores with friends on all Sporcle quizzes.
OR
Log In

From the Vault

World Cities Match-Up II

by mselby

These cities are a match made in heaven.
Remove Ads.
Support Sporcle.
Get the best of Sporcle when you Go Orange. This ad-free experience offers more features, more stats, and more fun while also helping to support Sporcle. Thank you for becoming a member.

Show Comments

Extras

Top Quizzes Today


Score Distribution

Your Account Isn't Verified!

In order to create a playlist on Sporcle, you need to verify the email address you used during registration. Go to your Sporcle Settings to finish the process.

Report this User

Report this user for behavior that violates our Community Guidelines.

Details: